Top 100 Girl Names Containing V (2018) Quiz Stats

 Plays Quiz not verified by Sporcle

Score 0/100 Timer 15:00
0 Plays Today
Babies Born Name % Correct
716Eve
94.3%
3542Eva
92.8%
14924Ava
91.2%
10376Evelyn
91.2%
7089Victoria
91.2%
17921Olivia
87.6%
881Veronica
84%
2956Vivian
82%
1369Vanessa
80.4%
1257Vera
79.4%
1008Evie
79.4%
4794Violet
78.9%
1794Valerie
78.9%
1222Olive
76.3%
426Liv
73.7%
3256Ivy
71.1%
8053Avery
70.6%
194Vivien
70.6%
214Viola
69.1%
1226Vivienne
68%
1976Valeria
67.5%
3416Valentina
64.4%
829Heaven
63.9%
515Savanna
62.9%
175Beverly
61.9%
578Virginia
61.3%
4745Savannah
60.8%
952Evelynn
60.3%
4124Nova
59.3%
3359Nevaeh
59.3%
735Viviana
59.3%
1373Alivia
58.8%
430Livia
58.8%
1058Haven
58.2%
Babies Born Name % Correct
258Evalyn
57.7%
747Raven
56.2%
200Ivana
56.2%
228Violette
55.7%
1185Evangeline
55.2%
1692Genevieve
54.1%
203Vivianna
54.1%
4313Everly
52.6%
219Evalynn
50.5%
338Averi
49.5%
143Love
49.5%
969Maeve
49%
158Vivianne
45.9%
742Averie
44.8%
273Violeta
44.8%
544Ivanna
44.3%
462Ivory
44.3%
304Mavis
44.3%
281Avalyn
43.8%
1321River
43.3%
566Everlee
42.3%
1546Everleigh
41.8%
774Aviana
41.8%
312Vienna
41.8%
209Neveah
41.8%
147Evangelina
41.8%
391Davina
38.7%
344Avalynn
37.6%
765Avianna
36.6%
296Veda
34.5%
192Evelina
34%
269Waverly
33%
631Sylvia
31.4%
155Geneva
30.9%
Babies Born Name % Correct
206Everley
29.4%
167Vida
29.4%
675Avah
27.8%
197Alyvia
27.8%
265Vada
27.3%
264Valery
25.8%
170Havana
25.3%
283Heavenly
24.7%
322Giovanna
23.7%
203Devyn
23.7%
298Sylvie
21.6%
727Octavia
20.6%
442Stevie
20.1%
168Ziva
19.6%
268Novah
18.6%
246Jovie
18%
160Silvia
17.5%
180Navy
17%
248Ayva
16.5%
185Clover
16%
347Novalee
14.4%
311Rivka
13.4%
137Devorah
12.4%
151Guinevere
10.8%
264Giavanna
10.3%
184Vayda
10.3%
248Denver
6.7%
129Avani
6.2%
235Saanvi
4.6%
131Chevelle
4.6%
226Sevyn
3.1%
306Zhavia
2.6%

You're not logged in!

Compare scores with friends on all Sporcle quizzes.
OR
Log In

Show Comments

Extras

Top Quizzes Today


Score Distribution

Your Account Isn't Verified!

In order to create a playlist on Sporcle, you need to verify the email address you used during registration. Go to your Sporcle Settings to finish the process.

Report this User

Report this user for behavior that violates our Community Guidelines.

Details: